French Cities - Statistics

General Stats
  • This quiz has been taken 24 times
  • The average score is 15 of 25
Answer Stats
Picture Answer % Correct
Paris
100%
Marseille
90%
Bordeaux
85%
Lille
85%
Nice
85%
Strasbourg
80%
Lyon
75%
Nantes
75%
Toulouse
75%
Montpellier
70%
Grenoble
65%
Le Havre
60%
Rennes
60%
Avignon
55%
Rouen
55%
Brest
50%
Metz
50%
Nimes
50%
Reims
50%
Annecy
40%
Ajaccio
35%
Angers
35%
Orleans
35%
Lourdes
25%
Pau
20%
No matching quizzes found
Score Distribution
Percent of People with Each Score
Percentile by Number Answered
Your Score History
You have not taken this quiz